Taylor Swift - guess the song with a random verse - Statistics

General Stats
  • This quiz has been taken 48 times
  • The average score is 6 of 10
Answer Stats
Hint Answer % Correct
And I'm like, I'm just, I mean this is exhausting We are never ever getting back together
89%
Love you to the Moon and to Saturn seven
81%
And you know I wanna ask you to dance right there Fearless
68%
I keep finding his things in drawers I can do it with a broken heart
65%
My pain fits in the palm of your freezing hand ivy
57%
I'm a mess, but I'm the mess that you wanted Dancing with our hands tied
51%
Lights flash and we'll run for the fences I know places
49%
I picked the petals, he loves me not You're on your own kid
49%
When I left, I wanted you to chase after me The other side of the door
32%
You and I are painting pictures in the sky I'm only me when I'm with you
14%
No matching quizzes found
Score Distribution
Percent of People with Each Score
Percentile by Number Answered
Your Score History
You have not taken this quiz